书目信息 |
| 题名: |
帝国主义与依附
|
|
| 作者: | 特奥托尼奥 , 多斯桑托斯 著 | |
| 分册: | ||
| 出版信息: | 北京 社会科学文献出版社 1999.02 |
|
| 页数: | 500页 | |
| 开本: | 32开 | |
| 丛书名: | ||
| 单 册: | ||
| 中图分类: | D50 | |
| 科图分类: | ||
| 主题词: | 国际政治 | |
| 电子资源: | ||
| ISBN: | 7-80050-358-5 | |
| 000 | 00620nam0 2200205 45 | |
| 001 | 0010211662 | |
| 005 | 20001021162818.9 | |
| 010 | @a7-80050-358-5@d28.00元 | |
| 100 | @a20001021d1999 km y0chiy0120 ea | |
| 101 | 0 | @achi |
| 105 | @a z 000yy | |
| 200 | 1 | @a帝国主义与依附@ADi Guo Zhu Yi Yu Yi Fu@f(巴西)特奥托尼奥,多斯桑托斯著@F(Ba Xi)Te Ao Tuo Ni Ao,Duo Si Sang Tuo Si Zhu |
| 210 | @a北京@c社会科学文献出版社@d1999.02 | |
| 215 | @a500页@d32开 | |
| 606 | 0 | @a国际政治 |
| 690 | @aD50@v3 | |
| 701 | 0 | @a特奥托尼奥@4著 |
| 701 | 0 | @a多斯桑托斯@4著 |
| 801 | @aCN@bPftUser@c20001021 | |
| 905 | @b180763-767@dD50@eD768@f5 | |
| 帝国主义与依附/(巴西)特奥托尼奥,多斯桑托斯著.-北京:社会科学文献出版社,1999.02 |
| 500页;32开 |
| ISBN 7-80050-358-5:28.00元 |
| ● |
| 相关链接 |
|
|
|
正题名:帝国主义与依附
索取号:D50/D768
 
预约/预借
| 序号 | 登录号 | 条形码 | 馆藏地/架位号 | 状态 | 备注 |
| 1 | 180763 | 201807633 | 社科库509/509社科库 71排2列2层/ [索取号:D50/D768] | 在馆 | |
| 2 | 180764 | 201807642 | 社科库509/509社科库 71排2列2层/ [索取号:D50/D768] | 在馆 | |
| 3 | 180765 | 201807651 | 社科库509/509社科库 71排2列2层/ [索取号:D50/D768] | 在馆 | |
| 4 | 180766 | 201807660 | 社科库509/509社科库 71排2列2层/ [索取号:D50/D768] | 在馆 | |
| 5 | 180767 | 201807679 | 社科库509/509社科库 71排2列2层/ [索取号:D50/D768] | 在馆 |